Some aspects of advertisting discourse / (Record no. 138897)

MARC details
000 -LEADER
fixed length control field 00613nam a22001937a 4500
005 - DATE AND TIME OF LATEST TRANSACTION
control field 20230405153919.0
010 ## - LCCN (DPL NO)
LC control number ENG-117818 ENG-136614
020 ## - INTERNATIONAL STANDARD BOOK NUMBER
International Standard Book Number 9789384002022
Terms of availability 350.00
035 ## - SYSTEM CONTROL NUMBER
System control number EN-101350 EN-120146
037 ## - SOURCE OF ACQUISITION
Source of stock number/acquisition DBAD/PUB
082 ## - DEWEY DECIMAL CLASSIFICATION NUMBER
Classification number 659.10954147
100 ## - MAIN ENTRY--PERSONAL NAME
Personal name Dattamajumdar,Satrupa
245 ## - TITLE STATEMENT
Title Some aspects of advertisting discourse /
Statement of responsibility, etc by Satarupa Dattamajumdar
260 ## - PUBLICATION, DISTRIBUTION, ETC. (IMPRINT)
Date of publication, distribution, etc 2014
Place of publication, distribution, etc Kolkata
Name of publisher, distributor, etc Gangchil
270 ## - ADDRESS
Address Matir Bari,Omkar Park, Ghola Bazar
City Kolkata
Postal code 700111
300 ## - PHYSICAL DESCRIPTION
Dimensions 23cm(Hb) :
Extent 72p.
500 ## - GENERAL NOTE
General note Includes index
942 ## - ADDED ENTRY ELEMENTS (KOHA)
Item type English Books
Source of classification or shelving scheme Dewey Decimal Classification
Classification part 659.10954147
Call number suffix DAT
Holdings
Withdrawn status Lost status Not for loan Collection code Home library Current library Date acquired Source of acquisition Cost, normal purchase price Full call number Barcode Copy number Cost, replacement price Koha item type
    Not For Loan Non-fiction D.B.Act.Division Bawana 13/04/2017 DBAD/PUB 350.00 659.10954147 DAT EN-101350 1 350.00 English Books
      Non-fiction Janak Puri Janak Puri 05/04/2023 DBAD/PUB 350.00 659.10954147 DAT EN-120146 1 350.00 English Books

© Delhi Public Library
Hit Counter
free hit counter